Design of equilibrium stage processes (Record no. 13251)

000 -LEADER
fixed length control field 00589nam a22002171 4500
001 - CONTROL NUMBER
control field 13251
003 - CONTROL NUMBER IDENTIFIER
control field BD-DhUET
008 - FIXED-LENGTH DATA ELEMENTS--GENERAL INFORMATION
fixed length control field 740517s1963 nyua b 000 0 eng
020 ## - INTERNATIONAL STANDARD BOOK NUMBER
International Standard Book Number 070586373
040 ## - CATALOGING SOURCE
Original cataloging agency DLC
Transcribing agency OAkU
Modifying agency BD-DhUET
082 ## - DEWEY DECIMAL CLASSIFICATION NUMBER
Classification number 660.28422
Item number SMI/1963
100 1# - MAIN ENTRY--PERSONAL NAME
Personal name Smith, Buford D.
245 10 - TITLE STATEMENT
Title Design of equilibrium stage processes
250 ## - EDITION STATEMENT
Edition statement 1st ed.
260 ## - PUBLICATION, DISTRIBUTION, ETC. (IMPRINT)
Place of publication, distribution, etc. New York
Name of publisher, distributor, etc. McGraw-Hill
Date of publication, distribution, etc. 1963
300 ## - PHYSICAL DESCRIPTION
Extent 647 p.
Other physical details ill.
Dimensions 24 cm.
490 ## - SERIES STATEMENT
Series statement McGraw-Hill chemical engineering series
504 ## - BIBLIOGRAPHY, ETC. NOTE
Bibliography, etc Includes bibliographies
650 #0 - SUBJECT ADDED ENTRY--TOPICAL TERM
Topical term or geographic name as entry element Chemical equilibrium
942 ## - ADDED ENTRY ELEMENTS (KOHA)
Koha item type General Book
Holdings
Price effective from Location (home branch) Damaged status Piece designation (barcode) Withdrawn status Lost status Date acquired Koha item type Koha normalized classification for sorting Koha date last seen Copy number Sublocation or collection (holding branch) Shelving location Koha full call number Source of classification or shelving scheme Not for loan
2015-03-02Central Library, BUET 34954  2015-03-02General Book660_284220000000000_SMI_19632015-03-021Central Library, BUETCirculation section660.28422/SMI/1963  
2015-03-03Central Library, BUET 29845  2015-03-03General Book660_284220000000000_SMI_19632015-03-032Central Library, BUETCirculation section660.28422/SMI/1963  
2015-03-03Central Library, BUET 29841  2015-03-03General Book660_284220000000000_SMI_19632015-03-033Central Library, BUETCirculation section660.28422/SMI/1963  
2015-03-03Central Library, BUET 29847  2015-03-03General Book660_284220000000000_SMI_19632015-03-034Central Library, BUETCirculation section660.28422/SMI/1963  
2015-03-03Central Library, BUET 29853  2015-03-03General Book660_284220000000000_SMI_19632015-03-035Central Library, BUETCirculation section660.28422/SMI/1963  
2015-03-03Central Library, BUET 29843  2015-03-03General Book660_284220000000000_SMI_19632015-03-036Central Library, BUETCirculation section660.28422/SMI/1963  
2015-03-03Central Library, BUET 29844  2015-03-03General Book660_284220000000000_SMI_19632015-03-037Central Library, BUETCirculation section660.28422/SMI/1963  
2015-03-03Central Library, BUET 29840  2015-03-03General Book660_284220000000000_SMI_19632015-03-038Central Library, BUETCirculation section660.28422/SMI/1963  
2015-03-03Central Library, BUET 34955  2015-03-03General Book660_284220000000000_SMI_19632015-03-039Central Library, BUETCirculation section660.28422/SMI/1963  
2015-05-11Central Library, BUET 11477  2015-05-11General Book660_284220000000000_SMI_19632015-05-1110Central Library, BUETCirculation section660.28422/SMI/1963  
2015-05-11Central Library, BUET 29846  2015-05-11General Book660_284220000000000_SMI_19632015-05-1111Central Library, BUETCirculation section660.28422/SMI/1963  
2015-05-11Central Library, BUET 34953  2015-05-11General Book660_284220000000000_SMI_19632015-05-1112Central Library, BUETCirculation section660.28422/SMI/1963  
2015-05-11Central Library, BUET 18836  2015-05-11General Book660_284220000000000_SMI_19632015-05-1113Central Library, BUETCirculation section660.28422/SMI/1963  
2015-05-11Central Library, BUET 29854  2015-05-11General Book660_284220000000000_SMI_19632015-05-1114Central Library, BUETCirculation section660.28422/SMI/1963  
2015-05-11Central Library, BUET 29856  2015-05-11General Book660_284220000000000_SMI_19632015-05-1115Central Library, BUETCirculation section660.28422/SMI/1963  
2015-05-19Central Library, BUET 29848  2015-05-19General Book660_284220000000000_SMI_19632015-05-1916Central Library, BUETCirculation section660.28422/SMI/1963  
2015-06-18Central Library, BUET 6449  2015-06-18Reading Item660_284220000000000_SMI_19632015-06-1817Central Library, BUETReading section660.28422/SMI/1963